00706nam a2200241 a 4500001001300000003000900013005001700022008004100039020002400080082001700104100001900121245004000140260003600180300001000216500003500226505001000261650002200271700001900293902000800312942000700320952012000327999001700447nice12345678IN_TiNIC20260116014411.0140312s2013 dela grp 000 0 eng  a9788192563626c129500a954.092bSIN aSingh, Amarjit aBiographies of Indian Personalities aDelhi bS.K. Book Agency c2013 a328p  aincludes index and biblioraphy2 aindex aBiography-Indians1 aSingh, Amarjit bSRS cBK 001040708StackRoom-aHMIbHMId2014-03-12g1295.00l0o954.092 SINp024440r2014-03-12v1295.00w2014-03-12yBK c15125d15125